拼音以X开头的中国城市 Chinese cities whose pinyin begins with X - Statistics

General Stats
  • This quiz has been taken 91 times
    89 since last reset
  • The average score is 25 of 43
Answer Stats
七普人口 DWUA 省份 行政类别 城市 % Correct
928 1221 陕西 地级市 西安
100%
260 436 福建 地级市 厦门
96%
162 185 青海 地级市 西宁
94%
135 陕西 地级市 咸阳
93%
647 香港 特别行政区 香港
88%
45 湖北 地级市 咸宁
85%
109 104 河南 地级市 新乡
85%
146 83 湖北 地级市 襄阳
84%
72 106 湖南 地级市 湘潭
81%
89 53 河南 地级市 信阳
81%
70 61 湖北 地级市 孝感
78%
206 148 江苏 地级市 徐州
78%
83 64 河南 地级市 许昌
78%
37 山西 地级市 忻州
76%
68 62 江西 地级市 新余
76%
117 83 河北 地级市 邢台
76%
46 湖北 县级市 仙桃
75%
0 59 台湾 台湾城市 新竹
72%
54 四川 县级市 西昌
67%
26 安徽 地级市 宣城
67%
6 云南 县级市 香格里拉
54%
33 内蒙古 县级市 锡林浩特
52%
36 河南 县级市 新郑
49%
37 江苏 县级市 新沂
48%
37 河南 县级市 荥阳
48%
32 江苏 县级市 兴化
43%
57 贵州 县级市 兴义
43%
22 湖南 县级市 湘乡
42%
27 山西 县级市 孝义
42%
32 广东 县级市 信宜
42%
34 河南 县级市 新密
40%
新疆 县级市 新星
40%
29 广东 县级市 兴宁
39%
46 山东 县级市 新泰
36%
31 河北 县级市 辛集
33%
14 辽宁 县级市 新民
33%
39 云南 县级市 宣威
33%
陕西 县级市 旬阳
33%
24 陕西 县级市 兴平
31%
19 辽宁 县级市 兴城
30%
41 河南 县级市 项城
28%
12 贵州 县级市 兴仁
28%
20 河北 县级市 新乐
24%
No matching quizzes found
Score Distribution
Percent of People with Each Score
Percentile by Number Answered
Your Score History
You have not taken this quiz since the last reset